000
00266nam a2200109Ia 4500
008
230907s9999||||xx |||||||||||||| ||und||
082
_a
158.1
_b
WAI
245
0
_a
Psychology of success :
260
_a
McGraw-Hill,
_b
New York :
_c
2016
300
_a
407 p.
942
_c
BK
999
_c
601104
_d
601104